アメダス観測点の読み方(関東地方) - Statistics

General Stats
  • This quiz has been taken 120 times
  • The average score is 43 of 50
Answer Stats
観測点 読み方 都道府県 % Correct
我孫子 あびこ 千葉県
100%
久喜 くき 埼玉県
100%
秩父 ちちぶ 埼玉県
100%
八丈島 はちじょうじま 東京都
98%
宇都宮 うつのみや 栃木県
98%
小山 おやま 栃木県
98%
銚子 ちょうし 千葉県
97%
木更津 きさらづ 千葉県
97%
熊谷 くまがや 埼玉県
97%
足利 あしかが 栃木県
97%
相模湖 さがみこ 神奈川県
97%
海老名 えびな 神奈川県
97%
越谷 こしがや 埼玉県
96%
青梅 おうめ 東京都
96%
那須高原 なすこうげん 栃木県
96%
常陸大宮 ひたちおおみや 茨城県
96%
龍ケ崎 りゅうがさき 茨城県
96%
古河 こが 茨城県
96%
南鳥島 みなみとりしま 東京都
95%
鹿沼 かぬま 栃木県
95%
大多喜 おおたき 千葉県
94%
寄居 よりい 埼玉県
94%
新島 にいじま 東京都
94%
桐生 きりゅう 群馬県
94%
田代 たしろ 群馬県
94%
辻堂 つじどう 神奈川県
93%
茂原 もばら 千葉県
92%
江戸崎 えどさき 茨城県
92%
鴻巣 こうのす 埼玉県
91%
鉾田 ほこた 茨城県
90%
神津島 こうづしま 東京都
89%
真岡 もおか 栃木県
89%
榛名山 はるなさん 群馬県
88%
門井 かどい 茨城県
88%
丹沢湖 たんざわこ 神奈川県
85%
八重見ヶ原 やえみがはら 東京都
82%
上里見 かみさとみ 群馬県
81%
利島 としま 東京都
79%
鋸南 きょなん 千葉県
78%
黒保根 くろほね 群馬県
78%
美野里 みのり 茨城県
77%
大能 おおのう 茨城県
75%
大子 だいご 茨城県
72%
三峰 みつみね 埼玉県
70%
神流 かんな 群馬県
67%
葛生 くずう 栃木県
62%
小河内 おごうち 東京都
60%
東庄 とうのしょう 千葉県
59%
土呂部 どろぶ 栃木県
46%
五十里 いかり 栃木県
33%
No matching quizzes found
Score Distribution
Percent of People with Each Score
Percentile by Number Answered
Your Score History
You have not taken this quiz